| 000 | 00388nam a2200145Ia 4500 | ||
|---|---|---|---|
| 008 | 220405s9999||||xx |||||||||||||| ||und|| | ||
| 020 | _a9789384030742 | ||
| 082 | _a823 SHE | ||
| 100 |
_aShenoy, Preeti _910579 |
||
| 245 | 0 | _aIt happens for a reason | |
| 260 |
_aWestland Publishers _bChennai _c2015 |
||
| 300 |
_a261p. _bRs.200 |
||
| 650 | _aGENERAL BOOKS | ||
| 942 | _cSpecial Collection | ||
| 999 |
_c189624 _d189624 |
||